Security management using fingerprint verification / (Record no. 188613)

000 -LEADER
fixed length control field 00556 a2200169 4500
003 - CONTROL NUMBER IDENTIFIER
control field NUST
005 - DATE AND TIME OF LATEST TRANSACTION
control field 20251022121721.0
040 ## - CATALOGING SOURCE
Transcribing agency Nust
082 ## - DEWEY DECIMAL CLASSIFICATION NUMBER
Classification number 621.382,SAB
100 ## - MAIN ENTRY--PERSONAL NAME
Personal name Sabzwari, Major Syed Munir Hussain (TE-43-A)
9 (RLIN) 131419
245 ## - TITLE STATEMENT
Title Security management using fingerprint verification /
Statement of responsibility, etc. Major Syed Munir Hussain Sabzwari, Maj Bila Yousaf , Maj Asif Nawaz& NC Muhammad Owais Ul Haq (TE-43)
260 ## - PUBLICATION, DISTRIBUTION, ETC.
Place of publication, distribution, etc. Rawalpindi
Name of publisher, distributor, etc. MCS
Date of publication, distribution, etc. June 2010
300 ## - PHYSICAL DESCRIPTION
Extent xiii, 72 p.;
650 ## - SUBJECT ADDED ENTRY--TOPICAL TERM
Topical term or geographic name entry element UG Projects
9 (RLIN) 98716
651 ## - SUBJECT ADDED ENTRY--GEOGRAPHIC NAME
Geographic name TE-43-A
9 (RLIN) 131420
942 ## - ADDED ENTRY ELEMENTS (KOHA)
Koha item type Project Report
Source of classification or shelving scheme
Holdings
Withdrawn status Lost status Source of classification or shelving scheme Damaged status Not for loan Permanent Location Current Location Shelving location Date acquired Full call number Barcode Date last seen Price effective from Koha item type Public note
          Military College of Signals (MCS) Military College of Signals (MCS) Reference 12/12/2016 621.382,SAB MCSPTE-166 12/08/2016 12/12/2016 Project Report Almirah No.90, Shelf No.3
© 2023 Central Library, National University of Sciences and Technology. All Rights Reserved.